EL NUEVO PROBLEMA AGRARIO DE LA AMERICA LATINA/

שמור ב:
מידע ביבליוגרפי
מחבר ראשי: García, Antonio (autor)
פורמט: ספר
נושאים:
תגים: הוספת תג
אין תגיות, היה/י הראשונ/ה לתייג את הרשומה!

MARC

LEADER 00000nam^a2200000^a^4500
001 000224450
005 20250521000000.0
009 20260310104051.932
020 |a 968-58-0003-0 
035 |a 043121 
037 |a Acervo Xavier Clavigero 
082 |a 333. 310987  |b GAR 
100 |a García, Antonio  |e (autor) 
245 1 3 |a EL NUEVO PROBLEMA AGRARIO DE LA AMERICA LATINA/  |c ANTONIO GARCIA 
264 |a México :  |b UNAM,  |c 1957 
300 |a 86p. 
336 |a texto  |b txt  |2 rdacontenido 
337 |a sin mediación  |b n  |2 rdamedio 
338 |a volumen  |b nc  |2 rdasoporte 
649 |a XX 
650 |a REFORMA AGRARIA -  |x VENEZUELA 
650 |a REFORMA AGRARIA -  |x AMERICA CENTRAL 
910 |a Fondo General 
920 |a Impresos - Libros 
930 |a Colección General 
905 |a 101 
901 |a 043121  |b IT1  |c ACC  |i 043121  |u 20250521 
902 |a https://opac.biblio.iteso.mx/vufind/Record/000224450